000 00676nam a2200229Ia 4500
003 OSt
005 20220918174642.0
006 a|||||r|||| 00| 0
007 ta
008 220917b |||||||| |||| 00| 0 eng d
024 _a13,320
037 _cTextual
040 _aARTS
_cARTS
_beng
041 _2eng
_aeng
082 _aN12, G7
100 _aNag Kalidas
_951233
245 0 _aArt and archaeology abroad
_b A report intended primarily for Indian students desiring to specialize in those subjects in the research centres of Europe and America
260 _c1937
650 _aARTS
942 _hN12, G7
_cTEXL
_2CC
999 _c154081
_d154081